[Event "Asia-chT fin 14th"]
[Site "Esfahan"]
[Date "2005.12.25"]
[Round "7"]
[White "Soleimani, Shantiya"]
[Black "Bayramsahedov, Serdarguly"]
[Result "1-0"]
[WhiteElo "2182"]
[BlackElo "2272"]
[PlyCount "53"]
[EventDate "2005.12.21"]
[EventType "team"]
[EventRounds "10"]
[EventCountry "IRI"]
[SourceTitle "CBM 110 Extra"]
[Source "ChessBase"]
[SourceDate "2006.03.10"]
[SourceVersion "2"]
[SourceVersionDate "2006.03.10"]
[SourceQuality "1"]
[WhiteTeam "Iran II"]
[BlackTeam "Turkmenistan"]
[WhiteTeamCountry "IRI"]
[BlackTeamCountry "TKM"]

1. e4 c5 2. Nf3 e6 3. d4 cxd4 4. Nxd4 Nf6 5. Nc3 d6 6. f4 a6 7. Qf3 Be7 8. Be3 0-0 9. 0-0-0 Qc7 10. g4 b5 11. g5 Nfd7 12. Bd3 Bb7 13. h4 b4 14. Nce2 Rc8 15. Kb1 Nc5 16. h5 Nbd7 17. g6 Nf6 18. gxf7+ Kxf7 19. Ng3 Nxd3 20. cxd3 a5 21. Rh2 a4 22. f5 exf5 23. Ngxf5 d5 24. e5 b3 25. Rg2 bxa2+ 26. Ka1 Bf8 27. Nxg7 1-0

[Event "Asia-chT fin 14th"]
[Site "Esfahan"]
[Date "2005.12.22"]
[Round "2"]
[White "Bayramsahedov, Serdarguly"]
[Black "Soleimani, Shantiya"]
[Result "0-1"]
[WhiteElo "2272"]
[BlackElo "2182"]
[PlyCount "84"]
[EventDate "2005.12.21"]
[EventType "team"]
[EventRounds "10"]
[EventCountry "IRI"]
[SourceTitle "CBM 110 Extra"]
[Source "ChessBase"]
[SourceDate "2006.03.10"]
[SourceVersion "2"]
[SourceVersionDate "2006.03.10"]
[SourceQuality "1"]
[WhiteTeam "Turkmenistan"]
[BlackTeam "Iran II"]
[WhiteTeamCountry "TKM"]
[BlackTeamCountry "IRI"]

1. c4 Nc6 2. Nc3 e5 3. g3 Nf6 4. Bg2 Be7 5. e3 0-0 6. Nge2 d6 7. 0-0 Bg4 8. h3 Bh5 9. d3 Re8 10. a3 a5 11. Rb1 h6 12. b4 axb4 13. axb4 Qd7 14. b5 Nd8 15. g4 Bg6 16. Ng3 Nh7 17. Nd5 Rb8 18. f4 Bh4 19. Kh2 exf4 20. Nxf4 Nf8 21. Nxg6 Nxg6 22. Nf5 Bg5 23. Bb2 Nh4 24. e4 Ne6 25. Nxh4 Bxh4 26. Rf5 Bg5 27. Qf3 Ra8 28. Rf1 Rf8 29. Qd1 Qd8 30. Qb3 Be3 31. e5 dxe5 32. Bxe5 Bd4 33. Bg3 Bc5 34. Qd1 Ra3 35. Rd5 Bd6 36. Bxd6 cxd6 37. Qc1 Ra2 38. Qb1 Qa5 39. Qc1 Rd2 40. b6 Qa2 41. Rg1 Nf4 42. Qf1 Rf2 0-1